=LDR 00000nam 2200000 4500 =001 INLIS000000000000907 =005 20200925075313 =035 ##$$a 0010-061300000000907 =008 200925################g##########0#ind## =041 ##$$a Ind =082 ##$$a 303.4 =090 ##$$a 303.4, Ben-m =100 ##$$a Bennis, Warren G =245 1#$$a Merencanakan perubahan, /$c Warren G Bennis;Kenneth D. Benne ; Robert Chin ; alih bahasa, Klilhelmus W. Bakowatun =260 ##$$a Jakarta :$b Intermedia,$c 1990 =300 ##$$a xii, 659 hlm, : $b ilus ; $c 16 x 25 cm =650 #4$$a Sosial =650 #4$$a Perubahan =700 #$$a Bakowatun, Wilhelmus W =850 ##$$a NBPNMAT =020 ##$$a 979-8081-19-6 =084 ##$$a 303.4 BEN m =250 ##$$a Ed. 4, cet. 1 =520 ##$$a Indeks: hlm, 649-659 =990 ##$$a 61.465/pro-93